| 000 | 00636nam a2200205 a 4500 | ||
|---|---|---|---|
| 001 | 1703 | ||
| 003 | CDMR | ||
| 005 | 20131202174721.0 | ||
| 008 | 130130s2000||||||||||||||||||||||||||||d | ||
| 020 | _a8474327989 | ||
| 040 |
_aCDMR _bcat _cCDMR |
||
| 100 | 1 |
_aWolton, Dominique _91268 |
|
| 245 | 1 | 0 |
_aInternet, ¿y después? _b: una teoría crítica de los medios de comunicacion _cpor Dominique Wolton |
| 260 |
_aBarcelona _c2000 _bGedisa |
||
| 300 | _a253 p. | ||
| 490 | 0 |
_aEl Mamífero Parlante. _aSerie Mayor |
|
| 650 | 0 | 4 |
_93902 _aInternet _xAspectes socials |
| 650 | 0 | 4 |
_91243 _aComunicació _xInnovacions tecnològiques |
| 942 |
_cMON _2udc |
||
| 999 |
_c1703 _d1703 |
||